• 首页
  • 本馆介绍
  • 公告通知
  • 最新文献
  • 馆藏检索
  • 电子资源
  • 读者导购
  • 参考咨询
  • 我的图书馆
  • 登录
  • 详细信息显示
  • 放入我的书架
  • 预约/预借图书
  • 作者相关作品
  • 分类相关作品
  • 丛书相关作品
  • 出版社相关作品

书目信息

  • 表格格式
  • 工作单格式
  • 卡片格式
题名:
驼铃悠韵萧关道
    
 
作者: 薛正昌 著
分册:  
出版信息: 上海   上海科学技术文献出版社  2017
页数: 245页
开本: 22cm
丛书名: 玉帛之路文化考察丛书
单 册:
中图分类: TS933.21-64 , K203-64
科图分类:
主题词: 玉石--文化--中国--古代--图解 , 丝绸之路--文化史--中国--图解
电子资源:
ISBN: 978-7-5439-7108-0
000 01477oam2 2200277 450
001 012001001960
005 20140921103355.0
010    @a978-7-5439-7108-0@b精装@dCNY48.00
100    @a20170427d2017 em y0chiy50 ea
101 0  @achi
102    @aCN@b310000
105    @aa z 000yy
106    @ar
200 1  @a驼铃悠韵萧关道@9tuo ling you yun xiao guan dao@f薛正昌著
210    @a上海@c上海科学技术文献出版社@d2017
215    @a245页@c图@d22cm
225 2  @a玉帛之路文化考察丛书
330    @a本书为“玉帛之路文化考察丛书”的一种。“玉帛之路文化考察丛书”在地域上以中国绿洲丝绸之路、草原丝绸之路、南方丝绸之路、海上丝绸之路的地理、历史、文化、宗教为主要反映对象。发源于新石器时代早期而绵延至今的“玉文化”是中国文化有别于世界其他文明的显著特点,据推测很可能在五六千年前就有了“玉石之路”的雏形。“玉石之路”在汉武帝时被重新开发利用,张骞两次出使西域所走的这条“丝绸之路”正是在古代的 “玉石之路”上拓展出来的。通过“玉帛之路文化考察”,使致力于华夏文明、玉石文化以及丝绸之路方面研究的专家,共同研究、挖掘、弘扬“玉石之路”、“丝绸之路”的深刻文化内涵。为此,西北师范大学《丝绸之路》杂志社社长、总编辑冯玉雷等学者自2012年以来,共组织了有关玉文化研究的六次考察。
461  0 @12001 @a玉帛之路文化考察丛书
606 0  @a玉石@x文化@y中国@z古代@j图解
606 0  @a丝绸之路@x文化史@y中国@j图解
690    @aTS933.21-64@v5
690    @aK203-64@v5
701  0 @a薛正昌@9xue zheng chang@4著
801  0 @aCN@b上海新华@c20180901
905    @b1044787-91@dTS933.21-64@e56@f5
    
    驼铃悠韵萧关道/薛正昌著.-上海:上海科学技术文献出版社,2017
    245页:图;22cm.-(玉帛之路文化考察丛书)
    
    
    ISBN 978-7-5439-7108-0(精装):CNY48.00
    本书为“玉帛之路文化考察丛书”的一种。“玉帛之路文化考察丛书”在地域上以中国绿洲丝绸之路、草原丝绸之路、南方丝绸之路、海上丝绸之路的地理、历史、文化、宗教为主要反映对象。发源于新石器时代早期而绵延至今的“玉文化”是中国文化有别于世界其他文明的显著特点,据推测很可能在五六千年前就有了“玉石之路”的雏形。“玉石之路”在汉武帝时被重新开发利用,张骞两次出使西域所走的这条“丝绸之路”正是在古代的 “玉石之路”上拓展出来的。通过“玉帛之路文化考察”,使致力于华夏文明、玉石文化以及丝绸之路方面研究的专家,共同研究、挖掘、弘扬“玉石之路”、“丝绸之路”的深刻文化内涵。为此,西北师范大学《丝绸之路》杂志社社长、总编辑冯玉雷等学者自2012年以来,共组织了有关玉文化研究的六次考察。
●
相关链接 在E读中查询图书 在五车中查询图书 在当当中查询图书 在豆瓣中查询图书


正题名:驼铃悠韵萧关道     索取号:TS933.21-64/56         预约/预借

序号 登录号 条形码 馆藏地/架位号 状态 备注
1 1044787   210447872   第二样本阅览室/ [索取号:TS933.21-64/56] 在馆    
2 1044788   210447881   第三借阅区/ [索取号:TS933.21-64/56] 在馆    
3 1044789   210447890   第三借阅区/ [索取号:TS933.21-64/56] 在馆    
4 1044790   210447907   第三借阅区/ [索取号:TS933.21-64/56] 在馆    
5 1044791   210447916   密集书库-资源管理系/ [索取号:TS933.21-64/56] 在馆    
唐山师范学院图书馆 欢迎您!
大连网信软件有限公司© 版权所有